000 00270nam a22001217a 4500
008 160510b xxu||||| |||| 00| 0 eng d
020 _a9780072980608
020 _a0072980605
041 _aeng
080 _a54
245 _aChemistry:
_cRaymond Chang;
942 _2udc
_cBK
999 _c1941
_d1941